प्राकृतिक चिकित्सा एवं स्वास्थ्य / (Record no. 28003)

MARC details
000 -LEADER
fixed length control field 01210 aa a2200301 4500
005 - DATE AND TIME OF LATEST TRANSACTION
control field 20181124144115.0
010 ## - LCCN (DPL NO)
LC control number HIN-87135 G-002719, B-198038
020 ## - INTERNATIONAL STANDARD BOOK NUMBER
Terms of availability 200.00
020 ## - INTERNATIONAL STANDARD BOOK NUMBER
Terms of availability 250.00
International Standard Book Number 8190218042
035 ## - SYSTEM CONTROL NUMBER
System control number HN-59481
035 ## - SYSTEM CONTROL NUMBER
System control number B-198026 ,B-198038, B-198039
035 ## - SYSTEM CONTROL NUMBER
System control number B-198023
035 ## - SYSTEM CONTROL NUMBER
System control number B-198045
035 ## - SYSTEM CONTROL NUMBER
System control number G-002719
037 ## - SOURCE OF ACQUISITION
Source of stock number/acquisition DBAD / PUB
082 ## - DEWEY DECIMAL CLASSIFICATION NUMBER
Classification number 615.535
100 ## - MAIN ENTRY--PERSONAL NAME
Personal name बनर्जी, कमल
245 ## - TITLE STATEMENT
Title प्राकृतिक चिकित्सा एवं स्वास्थ्य /
Statement of responsibility, etc कमल बनर्जी
246 ## - VARYING FORM OF TITLE
Title proper/short title Praakritika chiktsaa evam sawaasthya
Remainder of title by Kamal Benarjee
260 ## - PUBLICATION, DISTRIBUTION, ETC. (IMPRINT)
Place of publication, distribution, etc दिल्ली
Name of publisher, distributor, etc खुराना पब्लिशिंग हाउस
Date of publication, distribution, etc 2005 2007
270 ## - ADDRESS
Address 94, मानक विहार
City दिल्ली
Postal code 110092
300 ## - PHYSICAL DESCRIPTION
Extent 216पृ.
Dimensions 22 सेमी (सजिल्द)
500 ## - GENERAL NOTE
General note सामान ISBN 8190218042 'खजाने की खोज'
650 ## - SUBJECT ADDED ENTRY--TOPICAL TERM
Topical term or geographic name as entry element प्राकृतिक चिकित्सा
650 ## - SUBJECT ADDED ENTRY--TOPICAL TERM
Topical term or geographic name as entry element Naturopathy
942 ## - ADDED ENTRY ELEMENTS (KOHA)
Institution code [OBSOLETE] dpl
Item type Hindi Books
Source of classification or shelving scheme Dewey Decimal Classification
Call number suffix बनर्जी
Classification part 615.535
Holdings
Withdrawn status Lost status Not for loan Home library Current library Date acquired Source of acquisition Cost, normal purchase price Full call number Barcode Copy number Cost, replacement price Koha item type Collection code
    Not For Loan D.B.Act.Division D.B.Act.Division 30/06/2009 DBAD / PUB 200.00 615.535 बनर्जी HN-59481 1 200.00 Hindi Books  
      Mobile Library Mobile Library 21/08/2014 Gift 200.00 615.535 बनर्जी G-002719 1 200.00 Hindi Books Non-fiction
      R.C.Libraries (zls) R.C.Libraries (zls) 06/11/2018   250.00 615.535 बनर्जी B-198039   250.00 Hindi Books Non-fiction
      R.C.Libraries (zls) R.C.Libraries (zls) 09/11/2018   250.00 615.535 बनर्जी B-198045   250.00 Hindi Books Non-fiction
      R.C.Libraries (zls) R.C.Libraries (zls) 24/11/2018   250.00 615.535 बनर्जी B-198038 1. 250.00 Hindi Books Non-fiction
      Sarojini Nagar Sarojini Nagar 08/06/2012   250.00 615.535 बनर्जी B-198026   250.00 Hindi Books Non-fiction
      Sarojini Nagar Sarojini Nagar 16/06/2012   250.00 615.535 बनर्जी B-198023   250.00 Hindi Books Non-fiction
      Sarojini Nagar Sarojini Nagar 31/10/2018     615.535 बनर्जी B-198042     Hindi Books Non-fiction
      Yojana Vihar Yojana Vihar 22/08/2019 BPPD/PUB 250.00 615.535 बनर्जी B-198033   250.00 Hindi Books Non-fiction

© Delhi Public Library
Hit Counter
free hit counter